Physics of solar cells : (Record no. 581)

MARC details
000 -LEADER
fixed length control field 00645nam a22002177a 4500
005 - DATE AND TIME OF LATEST TRANSACTION
control field 20250420134817.0
008 - FIXED-LENGTH DATA ELEMENTS--GENERAL INFORMATION
fixed length control field 200810b ||||| |||| 00| 0 eng d
020 ## - INTERNATIONAL STANDARD BOOK NUMBER
International Standard Book Number 9783527413126
040 ## - CATALOGING SOURCE
Transcribing agency KCST
082 ## - DEWEY DECIMAL CLASSIFICATION NUMBER
Classification number 621.31244
Item number Wu Ph
100 ## - MAIN ENTRY--PERSONAL NAME
Personal name Würfel, Peter
9 (RLIN) 4979
245 ## - TITLE STATEMENT
Title Physics of solar cells :
Remainder of title from basic principles to advanced concepts /
Statement of responsibility, etc. Peter Würfel; Uli Würfel
250 ## - EDITION STATEMENT
Edition statement 3rd edition
260 ## - PUBLICATION, DISTRIBUTION, ETC.
Place of publication, distribution, etc. Weinheim, Germany :
Name of publisher, distributor, etc. Wiley-VCH
Date of publication, distribution, etc. 2016.
300 ## - PHYSICAL DESCRIPTION
Extent 274 p.
650 ## - SUBJECT ADDED ENTRY--TOPICAL TERM
Topical term or geographic name entry element Solar cells.
9 (RLIN) 803
650 ## - SUBJECT ADDED ENTRY--TOPICAL TERM
Topical term or geographic name entry element Solar cells
Form subdivision Problems, exercises, etc.
9 (RLIN) 4980
700 ## - ADDED ENTRY--PERSONAL NAME
Personal name Würfel, Uli
9 (RLIN) 4981
942 ## - ADDED ENTRY ELEMENTS (KOHA)
Koha item type Book
942 ## - ADDED ENTRY ELEMENTS (KOHA)
Source of classification or shelving scheme Dewey Decimal Classification
Holdings
Withdrawn status Lost status Source of classification or shelving scheme Damaged status Not for loan Home library Current library Date acquired Cost, normal purchase price Total checkouts Full call number Barcode Date last seen Price effective from Koha item type
    Dewey Decimal Classification     KCST Library KCST Library 10/08/2020 25.92   621.31244 Wu Ph 1000000618 10/08/2020 10/08/2020 Book
© 2025 KCST. All rights reserved